[Event "WYCC Girls U16"]
[Site "Porto Carras"]
[Date "2015.10.27"]
[Round "3.10"]
[White "Tsolakidou, Stavroula"]
[Black "Schloffer, Jasmin-Denise"]
[Result "1-0"]
[BlackElo "1868"]
[WhiteElo "2279"]
[LiveChessVersion "1.4.6"]

1. d4 {[%clk 1:30:57]} Nf6 {[%clk 1:30:53]} 2. c4 {[%clk 1:31:21]} e6
{[%clk 1:31:18]} 3. g3 {[%clk 1:31:44]} d5 {[%clk 1:31:37]} 4. Bg2
{[%clk 1:32:05]} dxc4 {[%clk 1:31:59]} 5. Nf3 {[%clk 1:32:21]} a6
{[%clk 1:32:19]} 6. O-O {[%clk 1:32:14]} Nc6 {[%clk 1:32:00]} 7. e3
{[%clk 1:32:05]} Bd7 {[%clk 1:31:44]} 8. Qe2 {[%clk 1:31:42]} b5 {[%clk 1:30:49]}
9. Rd1 {[%clk 1:31:32]} Rb8 {[%clk 1:27:20]} 10. b3 {[%clk 1:22:53]} c3
{[%clk 1:20:26]} 11. Nxc3 Bb4 {[%clk 1:17:47]} 12. Bb2 {[%clk 1:16:02]} O-O
{[%clk 1:16:12]} 13. Ne1 {[%clk 0:59:14]} Ne7 {[%clk 1:08:34]} 14. Nd3
{[%clk 0:57:26]} Bxc3 {[%clk 1:07:27]} 15. Bxc3 {[%clk 0:57:51]} Bc6
{[%clk 1:07:27]} 16. e4 {[%clk 0:54:39]} Nd7 {[%clk 0:58:13]} 17. Rac1
{[%clk 0:48:18]} Ba8 {[%clk 0:54:34]} 18. Qb2 {[%clk 0:35:15]} f6
{[%clk 0:47:27]} 19. Qa3 {[%clk 0:30:09]} Bb7 {[%clk 0:44:55]} 20. Nf4
{[%clk 0:27:50]} Kf7 {[%clk 0:41:42]} 21. d5 {[%clk 0:27:19]} exd5
{[%clk 0:41:15]} 22. exd5 {[%clk 0:27:43]} Re8 {[%clk 0:39:41]} 23. Ba5
{[%clk 0:24:51]} Ng8 {[%clk 0:29:39]} 24. Ne6 {[%clk 0:21:24]} Qe7
{[%clk 0:29:47]} 25. Bb4 {[%clk 0:21:34]} c5 {[%clk 0:29:23]} 26. dxc6
{[%clk 0:21:42]} 1-0

[Event "WYCC Girls U16"]
[Site "Porto Carras"]
[Date "2015.10.27"]
[Round "3.11"]
[White "Stashis, Anna"]
[Black "Harshita, Guddanti"]
[Result "0-1"]
[BlackElo "2181"]
[WhiteElo "1897"]
[LiveChessVersion "1.4.6"]

1. e4 {[%clk 1:30:57]} c5 {[%clk 1:30:52]} 2. d4 {[%clk 1:31:23]} cxd4
{[%clk 1:31:16]} 3. c3 {[%clk 1:31:50]} dxc3 {[%clk 1:31:39]} 4. Nxc3
{[%clk 1:32:16]} Nc6 {[%clk 1:31:57]} 5. Nf3 {[%clk 1:32:38]} d6 {[%clk 1:32:19]}
6. Bc4 {[%clk 1:32:56]} a6 {[%clk 1:32:14]} 7. O-O {[%clk 1:32:44]} Nf6
{[%clk 1:32:33]} 8. h3 {[%clk 1:13:02]} e6 {[%clk 1:32:49]} 9. Qe2 Be7
{[%clk 1:32:49]} 10. Rd1 Qc7 11. Bf4 O-O {[%clk 1:30:07]} 12. e5 {[%clk 1:00:55]}
dxe5 {[%clk 1:19:46]} 13. Nxe5 {[%clk 1:01:02]} Bd6 {[%clk 1:00:29]} 14. Rxd6
{[%clk 0:33:39]} Qxd6 {[%clk 1:00:50]} 15. Rd1 {[%clk 0:26:43]} Qc5
{[%clk 0:52:20]} 16. Nxc6 {[%clk 0:22:49]} Qxc6 {[%clk 0:52:17]} 17. Be5
{[%clk 0:22:22]} b5 {[%clk 0:46:16]} 18. Bxf6 {[%clk 0:21:12]} gxf6
{[%clk 0:32:57]} 19. Bd3 {[%clk 0:18:11]} f5 {[%clk 0:32:41]} 20. Qh5
{[%clk 0:17:18]} f6 {[%clk 0:30:16]} 21. Be2 {[%clk 0:15:21]} Bb7
{[%clk 0:25:18]} 22. Bf3 {[%clk 0:14:34]} Qc7 {[%clk 0:25:36]} 23. Bxb7
{[%clk 0:08:56]} Qxb7 {[%clk 0:25:58]} 24. Rd3 {[%clk 0:09:07]} Kh8
{[%clk 0:23:42]} 25. Qh4 {[%clk 0:06:20]} b4 {[%clk 0:22:17]} 26. Ne2
{[%clk 0:05:56]} e5 {[%clk 0:19:59]} 27. Ng3 {[%clk 0:04:19]} f4 {[%clk 0:17:02]}
28. Nh5 {[%clk 0:04:18]} Qc6 {[%clk 0:16:27]} 29. g3 {[%clk 0:01:07]} fxg3
{[%clk 0:10:58]} 30. Rxg3 {[%clk 0:01:27]} Rad8 {[%clk 0:10:09]} 31. Qg4
{[%clk 0:01:10]} Rg8 {[%clk 0:08:41]} 32. Qe2 {[%clk 0:01:25]} Rxg3+
{[%clk 0:06:13]} 33. Nxg3 {[%clk 0:01:54]} a5 {[%clk 0:05:26]} 34. Kh2
{[%clk 0:02:02]} Qc1 {[%clk 0:04:32]} 35. Qa6 {[%clk 0:01:30]} Qf4
{[%clk 0:04:47]} 36. Kg2 {[%clk 0:01:58]} e4 {[%clk 0:03:48]} 37. Qb6
{[%clk 0:01:32]} Rd2 {[%clk 0:02:27]} 38. Qc5 {[%clk 0:01:29]} Rd8
{[%clk 0:01:07]} 39. Qe7 {[%clk 0:01:19]} Rg8 {[%clk 0:01:12]} 40. Qc5
{[%clk 0:31:31]} e3 {[%clk 0:31:23]} 41. Qxe3 {[%clk 0:29:34]} Qxe3
{[%clk 0:31:47]} 42. fxe3 Rc8 0-1

[Event "WYCC Girls U16"]
[Site "Porto Carras"]
[Date "2015.10.27"]
[Round "3.12"]
[White "Feng, Maggie"]
[Black "Aakanksha, Hagawane"]
[Result "0-1"]
[BlackElo "2061"]
[WhiteElo "1969"]
[LiveChessVersion "1.4.6"]

1. Nf3 {[%clk 1:30:55]} Nf6 {[%clk 1:30:51]} 2. c4 {[%clk 1:31:14]} g6
{[%clk 1:31:09]} 3. Nc3 {[%clk 1:31:28]} d5 {[%clk 1:31:32]} 4. Qa4+
{[%clk 1:31:44]} Bd7 {[%clk 1:30:58]} 5. Qb3 {[%clk 1:32:01]} dxc4
{[%clk 1:30:03]} 6. Qxc4 {[%clk 1:32:17]} Bg7 {[%clk 1:27:16]} 7. g3
{[%clk 1:32:14]} O-O {[%clk 1:25:00]} 8. Bg2 {[%clk 1:32:31]} c6 {[%clk 1:23:56]}
9. O-O {[%clk 1:30:45]} Na6 {[%clk 1:22:55]} 10. d3 Be6 {[%clk 1:17:54]} 11. Qa4
{[%clk 1:13:47]} Nd5 {[%clk 1:17:00]} 12. Bd2 {[%clk 1:05:08]} Qb6
{[%clk 1:06:49]} 13. Rab1 {[%clk 1:03:28]} f6 {[%clk 1:00:35]} 14. Rfc1
{[%clk 0:48:16]} Rfc8 {[%clk 0:49:18]} 15. b4 {[%clk 0:41:16]} Qd8
{[%clk 0:35:49]} 16. Ne4 {[%clk 0:38:21]} Qd7 {[%clk 0:28:43]} 17. Nc5
{[%clk 0:31:12]} Nxc5 {[%clk 0:28:45]} 18. bxc5 {[%clk 0:31:38]} b5
{[%clk 0:27:23]} 19. Qc2 {[%clk 0:25:32]} a5 {[%clk 0:24:50]} 20. a3
{[%clk 0:22:51]} Bf7 {[%clk 0:23:11]} 21. e4 {[%clk 0:21:15]} Nc7
{[%clk 0:21:28]} 22. d4 {[%clk 0:21:31]} f5 {[%clk 0:09:32]} 23. Ne5
{[%clk 0:19:04]} Bxe5 {[%clk 0:08:20]} 24. dxe5 {[%clk 0:19:27]} fxe4
{[%clk 0:07:33]} 25. Bxe4 {[%clk 0:19:19]} Rd8 {[%clk 0:05:11]} 26. Rd1
{[%clk 0:15:14]} Nd5 {[%clk 0:05:15]} 27. f4 {[%clk 0:09:48]} Qg4
{[%clk 0:03:10]} 28. Rf1 {[%clk 0:08:30]} Rf8 {[%clk 0:01:27]} 29. f5
{[%clk 0:02:07]} gxf5 {[%clk 0:01:32]} 30. Rxf5 {[%clk 0:02:28]} Bg6
{[%clk 0:00:44]} 31. Rg5 {[%clk 0:02:42]} Qe2 {[%clk 0:01:02]} 32. Bf4
{[%clk 0:02:20]} Qxc2 {[%clk 0:01:01]} 33. Bxc2 {[%clk 0:02:42]} Kg7
{[%clk 0:00:56]} 34. Bd2 {[%clk 0:00:59]} Rf3 {[%clk 0:00:45]} 35. h4
{[%clk 0:00:31]} Kf7 {[%clk 0:00:55]} 36. Bxg6+ {[%clk 0:00:58]} hxg6
{[%clk 0:01:24]} 37. Kg2 {[%clk 0:00:34]} Rf5 {[%clk 0:00:52]} 38. Rxf5+
{[%clk 0:00:53]} gxf5 {[%clk 0:01:22]} 39. h5 {[%clk 0:01:04]} b4
{[%clk 0:00:34]} 40. a4 {[%clk 0:31:01]} Rh8 {[%clk 0:30:52]} 41. h6
{[%clk 0:31:07]} Ke6 {[%clk 0:30:57]} 42. Re1 {[%clk 0:29:52]} Nc3
{[%clk 0:30:20]} 43. Bxc3 {[%clk 0:21:38]} bxc3 {[%clk 0:30:47]} 44. Re3
{[%clk 0:20:59]} Rxh6 {[%clk 0:31:00]} 45. Rxc3 {[%clk 0:21:21]} Kxe5
{[%clk 0:30:55]} 46. Re3+ {[%clk 0:21:37]} Kf6 {[%clk 0:17:19]} 47. Rb3
{[%clk 0:20:34]} Rg6 {[%clk 0:15:45]} 48. Rb6 {[%clk 0:17:08]} Ke5
{[%clk 0:15:27]} 49. Kf3 {[%clk 0:17:20]} Rg4 {[%clk 0:05:52]} 50. Rxc6
{[%clk 0:16:07]} Rxa4 {[%clk 0:06:19]} 51. Ra6 {[%clk 0:11:57]} Ra3+
{[%clk 0:05:19]} 52. Kf2 {[%clk 0:10:24]} Kd5 {[%clk 0:04:52]} 53. c6
{[%clk 0:09:38]} Kd6 {[%clk 0:05:13]} 54. Ra7 {[%clk 0:06:21]} e6
{[%clk 0:03:41]} 55. c7 {[%clk 0:06:30]} Kd7 {[%clk 0:02:41]} 56. Ra6
{[%clk 0:05:58]} e5 {[%clk 0:01:59]} 57. Rc6 {[%clk 0:02:36]} Kc8
{[%clk 0:02:24]} 58. Rc5 {[%clk 0:03:00]} e4 {[%clk 0:02:28]} 59. Ke2
{[%clk 0:03:08]} a4 {[%clk 0:00:32]} 60. Rxf5 {[%clk 0:03:32]} Ra1
{[%clk 0:00:43]} 61. Kd2 {[%clk 0:01:25]} a3 {[%clk 0:00:46]} 62. Kc2
{[%clk 0:01:31]} e3 {[%clk 0:01:04]} 63. Re5 {[%clk 0:00:49]} e2 {[%clk 0:01:23]}
64. Kb3 {[%clk 0:00:41]} e1=Q {[%clk 0:01:43]} 65. Rxe1 {[%clk 0:01:01]} Rxe1
{[%clk 0:02:11]} 66. Kxa3 {[%clk 0:01:22]} Re3+ {[%clk 0:02:39]} 67. Kb4
{[%clk 0:01:46]} Rxg3 {[%clk 0:03:05]} 68. Kc5 {[%clk 0:01:50]} Kxc7
{[%clk 0:03:33]} 69. Kb4 {[%clk 0:01:55]} Kc6 {[%clk 0:03:55]} 70. Kc4
{[%clk 0:02:19]} Rg4+ {[%clk 0:04:21]} 71. Kd3 {[%clk 0:02:42]} Kd5
{[%clk 0:04:47]} 72. Ke3 {[%clk 0:03:08]} Ra4 {[%clk 0:05:12]} 73. Kf3
{[%clk 0:03:33]} Ke5 {[%clk 0:05:39]} 74. Kg3 {[%clk 0:03:58]} Kf5
{[%clk 0:06:04]} 75. Kh3 {[%clk 0:04:24]} Rg4 {[%clk 0:06:27]} 76. Kh2
{[%clk 0:04:51]} Kf4 {[%clk 0:06:52]} 77. Kh3 {[%clk 0:05:16]} Kf3
{[%clk 0:07:17]} 78. Kh2 {[%clk 0:05:41]} Rh4+ {[%clk 0:07:42]} 79. Kg1
{[%clk 0:06:06]} Rh3 {[%clk 0:08:09]} 80. Kf1 {[%clk 0:06:31]} Rh1#
{[%clk 0:08:33]} 0-1

[Event "WYCC Girls U16"]
[Site "Porto Carras"]
[Date "2015.10.28"]
[Round "4.1"]
[White "Eswaran, Ashritha"]
[Black "Abdusattorova, Bakhora"]
[Result "0-1"]
[BlackElo "2120"]
[WhiteElo "2207"]
[LiveChessVersion "1.4.6"]

1. e4 {[%clk 1:30:51]} e5 {[%clk 1:30:52]} 2. Nf3 {[%clk 1:30:46]} Nc6
{[%clk 1:31:14]} 3. Nc3 {[%clk 1:30:34]} Nf6 {[%clk 1:31:31]} 4. g3
{[%clk 1:30:16]} d5 {[%clk 1:31:33]} 5. exd5 {[%clk 1:29:51]} Nxd5
{[%clk 1:31:56]} 6. Bg2 {[%clk 1:29:31]} Nxc3 {[%clk 1:31:58]} 7. bxc3
{[%clk 1:29:40]} Bc5 {[%clk 1:32:19]} 8. O-O {[%clk 1:28:50]} O-O
{[%clk 1:32:30]} 9. Re1 {[%clk 1:28:30]} Re8 {[%clk 1:29:07]} 10. d3
{[%clk 1:27:16]} Bg4 {[%clk 1:28:57]} 11. h3 {[%clk 1:25:57]} Bh5
{[%clk 1:28:58]} 12. g4 {[%clk 1:24:22]} Bg6 {[%clk 1:29:11]} 13. Ng5
{[%clk 1:24:07]} Qd7 {[%clk 1:15:57]} 14. Qf3 {[%clk 1:19:18]} Rad8
{[%clk 1:05:42]} 15. Rb1 {[%clk 1:11:24]} Bb6 {[%clk 1:03:22]} 16. Ne4
{[%clk 1:00:37]} Ne7 {[%clk 0:59:18]} 17. Ng3 {[%clk 0:48:48]} f6
{[%clk 0:54:52]} 18. h4 {[%clk 0:42:51]} Bf7 {[%clk 0:51:36]} 19. c4
{[%clk 0:40:14]} Be6 {[%clk 0:44:18]} 20. Re4 {[%clk 0:35:51]} Qa4
{[%clk 0:37:26]} 21. Nh5 {[%clk 0:22:32]} Rf8 {[%clk 0:33:31]} 22. Bh6
{[%clk 0:17:57]} gxh6 {[%clk 0:24:52]} 23. Nxf6+ {[%clk 0:16:51]} Kg7
{[%clk 0:24:57]} 24. g5 {[%clk 0:16:34]} Qxc2 {[%clk 0:21:26]} 25. Rxb6
{[%clk 0:12:37]} axb6 {[%clk 0:20:24]} 26. Qg3 {[%clk 0:11:15]} Qc1+
{[%clk 0:18:29]} 27. Kh2 {[%clk 0:10:56]} Ng6 {[%clk 0:18:08]} 28. Rxe5
{[%clk 0:08:33]} Rd6 {[%clk 0:15:21]} 29. Be4 {[%clk 0:06:03]} Rxf6
{[%clk 0:14:04]} 30. gxf6+ {[%clk 0:05:31]} Kxf6 {[%clk 0:13:53]} 31. Bxg6
{[%clk 0:05:25]} hxg6 {[%clk 0:14:12]} 32. Re3 {[%clk 0:06:14]} Qb2
{[%clk 0:13:32]} 33. h5 {[%clk 0:03:59]} g5 {[%clk 0:12:49]} 34. Qf3+
{[%clk 0:03:45]} Kg7 {[%clk 0:11:06]} 35. Kg2 {[%clk 0:01:25]} Bf7
{[%clk 0:06:11]} 36. Re7 {[%clk 0:00:32]} Qf6 {[%clk 0:05:24]} 37. Rxc7
{[%clk 0:00:35]} Qxf3+ {[%clk 0:05:29]} 38. Kxf3 {[%clk 0:01:02]} Rxd3+
{[%clk 0:05:40]} 39. Kg2 {[%clk 0:31:15]} Rc3 {[%clk 0:34:15]} 40. Rxb7
{[%clk 0:30:46]} Rxc4 {[%clk 0:34:25]} 41. Rxb6 {[%clk 0:30:54]} Ra4
{[%clk 0:34:46]} 42. Rb7 {[%clk 0:26:27]} Rxa2 {[%clk 0:34:56]} 43. Kg3
{[%clk 0:25:41]} Ra4 {[%clk 0:35:03]} 44. Rc7 {[%clk 0:25:31]} Rh4
{[%clk 0:35:11]} 45. Ra7 {[%clk 0:25:32]} Rxh5 {[%clk 0:35:32]} 46. f4
{[%clk 0:25:57]} Rh4 {[%clk 0:34:49]} 47. fxg5 {[%clk 0:26:09]} hxg5
{[%clk 0:35:17]} 48. Ra5 {[%clk 0:25:49]} Kf6 {[%clk 0:35:37]} 49. Ra6+
{[%clk 0:26:12]} Be6 {[%clk 0:35:56]} 50. Kf3 {[%clk 0:26:02]} Rh3+
{[%clk 0:35:31]} 51. Ke4 {[%clk 0:26:17]} g4 {[%clk 0:35:19]} 52. Kf4
{[%clk 0:26:33]} Rf3+ {[%clk 0:35:43]} 53. Ke4 {[%clk 0:26:59]} Rf5
{[%clk 0:35:54]} 0-1

[Event "WYCC Girls U16"]
[Site "Porto Carras"]
[Date "2015.10.28"]
[Round "4.2"]
[White "Bykovtsev, Agata"]
[Black "Sieber, Fiona"]
[Result "1-0"]
[BlackElo "2180"]
[WhiteElo "2117"]
[LiveChessVersion "1.4.6"]

1. e4 {[%clk 1:30:57]} c5 {[%clk 1:30:55]} 2. Nf3 {[%clk 1:31:22]} d6
{[%clk 1:31:21]} 3. Nc3 {[%clk 1:31:48]} Nf6 {[%clk 1:31:45]} 4. d4
{[%clk 1:32:15]} cxd4 {[%clk 1:32:12]} 5. Nxd4 {[%clk 1:32:41]} Bd7
{[%clk 1:32:37]} 6. Bc4 {[%clk 1:30:37]} Nc6 {[%clk 1:32:52]} 7. O-O
{[%clk 1:27:00]} e6 {[%clk 1:33:18]} 8. Bb3 {[%clk 1:26:28]} a6 {[%clk 1:33:32]}
9. Kh1 {[%clk 1:25:45]} b5 {[%clk 1:31:47]} 10. a3 {[%clk 1:13:50]} Na5
{[%clk 1:27:41]} 11. Ba2 {[%clk 1:13:10]} Qc7 {[%clk 1:27:04]} 12. f4
{[%clk 1:10:20]} Be7 {[%clk 1:25:50]} 13. f5 {[%clk 1:00:48]} Nc4
{[%clk 1:24:11]} 14. Qd3 {[%clk 0:52:21]} Rc8 {[%clk 1:21:10]} 15. Bb1
{[%clk 0:48:27]} O-O {[%clk 1:19:55]} 16. Nce2 {[%clk 0:41:43]} e5
{[%clk 1:01:33]} 17. Nb3 {[%clk 0:38:48]} Bc6 {[%clk 1:01:12]} 18. Nc3
{[%clk 0:37:10]} Qb7 {[%clk 0:59:57]} 19. Re1 {[%clk 0:30:37]} Rfd8
{[%clk 0:58:17]} 20. Qf3 {[%clk 0:23:37]} d5 {[%clk 0:56:47]} 21. exd5
{[%clk 0:23:03]} Nxd5 {[%clk 0:56:49]} 22. Nxd5 {[%clk 0:19:38]} Rxd5
{[%clk 0:53:54]} 23. Qg4 {[%clk 0:17:56]} h5 {[%clk 0:39:06]} 24. Qg3
{[%clk 0:12:30]} h4 {[%clk 0:34:22]} 25. Qg4 {[%clk 0:12:43]} h3 {[%clk 0:34:44]}
26. Qxh3 {[%clk 0:10:34]} a5 {[%clk 0:15:11]} 27. Qg4 {[%clk 0:10:18]} a4
{[%clk 0:14:03]} 28. Bh6 {[%clk 0:10:42]} Bf6 {[%clk 0:14:22]} 29. Bxg7
{[%clk 0:10:17]} Ne3 {[%clk 0:07:09]} 30. Rxe3 {[%clk 0:07:17]} Bg5
{[%clk 0:07:22]} 31. Re1 {[%clk 0:03:57]} Kxg7 {[%clk 0:01:00]} 32. Qxg5+
{[%clk 0:04:26]} Kf8 {[%clk 0:01:06]} 33. Na5 {[%clk 0:04:28]} Qd7
{[%clk 0:00:44]} 34. Nxc6 {[%clk 0:04:40]} Rxc6 {[%clk 0:01:11]} 35. Ba2
{[%clk 0:04:58]} Rd2 {[%clk 0:01:39]} 36. f6 {[%clk 0:04:49]} Qd4
{[%clk 0:00:44]} 37. Qg7+ {[%clk 0:04:49]} Ke8 {[%clk 0:01:14]} 38. Qxf7+
{[%clk 0:04:52]} Kd8 {[%clk 0:01:43]} 39. Qe7+ {[%clk 0:05:04]} Kc8
{[%clk 0:02:12]} 40. f7 {[%clk 0:34:58]} 1-0

[Event "WYCC Girls U16"]
[Site "Porto Carras"]
[Date "2015.10.28"]
[Round "4.3"]
[White "Pychova, Nela"]
[Black "Rogozenco, Teodora"]
[Result "1-0"]
[BlackElo "2110"]
[WhiteElo "2137"]
[LiveChessVersion "1.4.6"]

1. d4 {[%clk 1:30:56]} c5 {[%clk 1:30:56]} 2. e3 {[%clk 1:26:49]} Nf6
{[%clk 1:31:19]} 3. Nf3 {[%clk 1:26:34]} g6 {[%clk 1:31:38]} 4. b3
{[%clk 1:25:50]} Bg7 {[%clk 1:27:58]} 5. Bb2 {[%clk 1:25:37]} O-O
{[%clk 1:23:56]} 6. c4 {[%clk 1:21:54]} cxd4 {[%clk 1:22:46]} 7. exd4
{[%clk 1:19:14]} d5 {[%clk 1:23:00]} 8. Be2 {[%clk 1:17:49]} Nc6 {[%clk 1:22:48]}
9. O-O {[%clk 1:13:04]} Qa5 {[%clk 0:55:42]} 10. c5 {[%clk 1:08:18]} b6
{[%clk 0:46:07]} 11. Bc3 {[%clk 1:07:42]} Nb4 {[%clk 0:45:15]} 12. a3
{[%clk 1:07:21]} bxc5 {[%clk 0:44:57]} 13. axb4 {[%clk 1:01:57]} Qc7
{[%clk 0:44:31]} 14. bxc5 {[%clk 0:59:52]} Ne4 {[%clk 0:44:56]} 15. Ba5
{[%clk 0:59:48]} Qf4 {[%clk 0:43:31]} 16. Nc3 {[%clk 0:58:35]} Bb7
{[%clk 0:43:58]} 17. Qc1 {[%clk 0:56:13]} Qf5 {[%clk 0:41:21]} 18. b4
{[%clk 0:55:25]} g5 {[%clk 0:40:54]} 19. Nxe4 {[%clk 0:44:28]} dxe4
{[%clk 0:41:18]} 20. Ne5 {[%clk 0:44:01]} Bd5 {[%clk 0:35:44]} 21. Bg4
{[%clk 0:42:16]} Qf6 {[%clk 0:36:05]} 22. Nd7 {[%clk 0:41:44]} Qg6
{[%clk 0:36:31]} 23. Nxf8 {[%clk 0:41:23]} Rxf8 {[%clk 0:36:57]} 24. Bd7
{[%clk 0:38:35]} Bxd4 {[%clk 0:33:47]} 25. Rd1 {[%clk 0:35:16]} Qf6
{[%clk 0:31:27]} 26. Rxd4 {[%clk 0:34:37]} Qxd4 {[%clk 0:31:52]} 27. c6
{[%clk 0:34:13]} Be6 {[%clk 0:28:36]} 28. Qd1 {[%clk 0:32:28]} 1-0

[Event "WYCC Girls U16"]
[Site "Porto Carras"]
[Date "2015.10.28"]
[Round "4.4"]
[White "Harshita, Guddanti"]
[Black "Di Benedetto, Desiree"]
[Result "1/2-1/2"]
[BlackElo "2083"]
[WhiteElo "2181"]
[LiveChessVersion "1.4.6"]

1. e4 {[%clk 1:30:56]} e6 {[%clk 1:30:42]} 2. d4 {[%clk 1:31:17]} d5
{[%clk 1:31:08]} 3. Nc3 {[%clk 1:31:42]} Nf6 {[%clk 1:31:35]} 4. Bg5
{[%clk 1:31:53]} Bb4 {[%clk 1:31:59]} 5. e5 {[%clk 1:32:14]} h6 {[%clk 1:32:28]}
6. Bc1 {[%clk 1:32:24]} Ne4 {[%clk 1:32:49]} 7. Qg4 {[%clk 1:32:34]} g6
{[%clk 1:33:19]} 8. Nge2 {[%clk 1:32:49]} Nxc3 {[%clk 1:32:54]} 9. Nxc3
{[%clk 1:31:36]} Be7 {[%clk 1:31:11]} 10. Bd3 {[%clk 1:29:01]} c5
{[%clk 1:24:18]} 11. dxc5 {[%clk 1:15:23]} Nd7 {[%clk 1:13:44]} 12. Qe2
{[%clk 1:02:52]} Nxc5 {[%clk 1:09:59]} 13. O-O {[%clk 1:00:23]} Nxd3
{[%clk 1:02:01]} 14. Qxd3 {[%clk 0:56:59]} Kf8 {[%clk 0:56:02]} 15. Be3
{[%clk 0:54:42]} Bd7 {[%clk 0:49:37]} 16. f4 {[%clk 0:52:04]} h5 {[%clk 0:47:59]}
17. Ne2 {[%clk 0:50:05]} Qc7 {[%clk 0:43:49]} 18. Nd4 {[%clk 0:48:16]} Kg7
{[%clk 0:42:00]} 19. Rf3 {[%clk 0:46:12]} Qc4 {[%clk 0:39:40]} 20. Qxc4
{[%clk 0:39:03]} dxc4 {[%clk 0:40:06]} 21. a4 {[%clk 0:37:25]} Rac8
{[%clk 0:32:31]} 22. Nb5 {[%clk 0:30:41]} a6 {[%clk 0:27:25]} 23. Nd6
{[%clk 0:31:04]} Bxd6 {[%clk 0:24:33]} 24. exd6 {[%clk 0:31:30]} Bc6
{[%clk 0:21:31]} 25. Bd4+ {[%clk 0:26:49]} f6 26. Re3 1/2-1/2

[Event "WYCC Girls U16"]
[Site "Porto Carras"]
[Date "2015.10.28"]
[Round "4.5"]
[White "Chung, Mathilde"]
[Black "Tsolakidou, Stavroula"]
[Result "0-1"]
[BlackElo "2279"]
[WhiteElo "2087"]
[LiveChessVersion "1.4.6"]

1. d4 {[%clk 1:30:56]} Nf6 {[%clk 1:30:52]} 2. Nf3 {[%clk 1:31:23]} e6
{[%clk 1:31:07]} 3. e3 {[%clk 1:31:47]} b6 {[%clk 1:30:37]} 4. Bd3
{[%clk 1:32:10]} Bb7 {[%clk 1:30:49]} 5. O-O {[%clk 1:32:25]} c5 {[%clk 1:30:33]}
6. c4 {[%clk 1:32:36]} Be7 {[%clk 1:30:15]} 7. Nc3 {[%clk 1:32:55]} a6
{[%clk 1:29:36]} 8. a4 {[%clk 1:28:34]} cxd4 {[%clk 1:08:11]} 9. exd4
{[%clk 1:28:48]} d5 {[%clk 1:08:17]} 10. cxd5 {[%clk 1:19:41]} Nxd5
{[%clk 1:07:49]} 11. Ne5 {[%clk 1:15:18]} Nc6 {[%clk 0:49:09]} 12. Be4
{[%clk 0:56:51]} Nxc3 {[%clk 0:23:53]} 13. bxc3 {[%clk 0:56:13]} Qc7
{[%clk 0:17:14]} 14. Bf4 {[%clk 0:40:10]} Bd6 {[%clk 0:17:02]} 15. Qf3
{[%clk 0:39:36]} Bxe5 {[%clk 0:13:06]} 16. dxe5 {[%clk 0:36:08]} Na5
{[%clk 0:08:45]} 17. Rfd1 {[%clk 0:26:11]} Bxe4 {[%clk 0:06:51]} 18. Qxe4
{[%clk 0:25:18]} O-O {[%clk 0:07:02]} 19. Rd3 {[%clk 0:21:38]} Qc4
{[%clk 0:05:00]} 20. Rd4 {[%clk 0:19:19]} Qxc3 {[%clk 0:02:05]} 21. Rc1
{[%clk 0:19:41]} Qa3 {[%clk 0:01:20]} 22. Rd3 {[%clk 0:19:23]} Qe7
{[%clk 0:01:33]} 23. Rh3 {[%clk 0:19:51]} g6 {[%clk 0:01:31]} 24. Qe3
{[%clk 0:18:36]} Rfc8 {[%clk 0:01:28]} 25. Qxb6 {[%clk 0:17:27]} Rxc1+
{[%clk 0:01:25]} 26. Bxc1 {[%clk 0:17:56]} Rd8 {[%clk 0:00:57]} 27. g3
{[%clk 0:13:22]} Rd1+ {[%clk 0:01:04]} 28. Kg2 {[%clk 0:13:42]} Rxc1
{[%clk 0:01:00]} 0-1

[Event "WYCC Girls U16"]
[Site "Porto Carras"]
[Date "2015.10.28"]
[Round "4.6"]
[White "Aakanksha, Hagawane"]
[Black "Avramidou, Anastasia"]
[Result "1/2-1/2"]
[BlackElo "2249"]
[WhiteElo "2061"]
[LiveChessVersion "1.4.6"]

1. e4 {[%clk 1:30:56]} c5 {[%clk 1:30:55]} 2. Nf3 {[%clk 1:31:19]} d6
{[%clk 1:31:21]} 3. Bb5+ {[%clk 1:31:09]} Bd7 {[%clk 1:31:14]} 4. Bxd7+
{[%clk 1:31:17]} Qxd7 {[%clk 1:31:37]} 5. O-O {[%clk 1:31:39]} Nc6
{[%clk 1:31:53]} 6. c3 {[%clk 1:31:55]} Nf6 {[%clk 1:30:40]} 7. d4
{[%clk 1:31:50]} cxd4 {[%clk 1:29:56]} 8. cxd4 {[%clk 1:32:10]} Nxe4
{[%clk 1:28:59]} 9. d5 {[%clk 1:32:19]} Ne5 {[%clk 1:29:08]} 10. Re1
{[%clk 1:32:34]} Nxf3+ {[%clk 1:16:22]} 11. Qxf3 {[%clk 1:33:00]} Nf6
{[%clk 1:16:36]} 12. Nc3 {[%clk 1:30:59]} e6 {[%clk 1:08:05]} 13. Bg5
{[%clk 1:20:06]} Be7 {[%clk 1:03:32]} 14. Bxf6 {[%clk 1:15:18]} Bxf6
{[%clk 1:02:22]} 15. Ne4 {[%clk 1:07:50]} Be7 {[%clk 0:45:54]} 16. dxe6
{[%clk 1:07:46]} fxe6 {[%clk 0:46:24]} 17. Rad1 {[%clk 1:02:25]} d5
{[%clk 0:40:18]} 18. Qh5+ {[%clk 0:47:46]} g6 {[%clk 0:40:25]} 19. Qf3
{[%clk 0:45:10]} O-O-O {[%clk 0:33:43]} 20. Rc1+ {[%clk 0:31:38]} Kb8
{[%clk 0:34:08]} 21. Qg3+ {[%clk 0:31:58]} Bd6 {[%clk 0:31:54]} 22. Nxd6
{[%clk 0:31:46]} Qxd6 {[%clk 0:32:22]} 23. Rxe6 {[%clk 0:31:37]} Qxg3
{[%clk 0:32:48]} 24. hxg3 {[%clk 0:31:34]} Rd7 {[%clk 0:33:12]} 25. Kf1
{[%clk 0:30:38]} a6 {[%clk 0:27:05]} 26. Ke2 {[%clk 0:29:50]} Rf8
{[%clk 0:27:19]} 27. Re5 {[%clk 0:29:19]} Rf6 {[%clk 0:22:50]} 28. Rc5
{[%clk 0:27:14]} Rfd6 {[%clk 0:17:37]} 29. Kd3 {[%clk 0:26:45]} b6
{[%clk 0:17:08]} 30. Rc2 {[%clk 0:26:14]} Kb7 {[%clk 0:06:16]} 31. Kd4
{[%clk 0:25:08]} h6 {[%clk 0:04:36]} 32. g4 {[%clk 0:20:59]} a5 {[%clk 0:01:33]}
33. a4 {[%clk 0:19:48]} Rf6 {[%clk 0:01:05]} 34. g3 {[%clk 0:19:14]} Rf3
{[%clk 0:00:45]} 35. Re3 {[%clk 0:08:16]} Rxe3 {[%clk 0:00:59]} 36. Kxe3
{[%clk 0:08:44]} Re7+ {[%clk 0:01:05]} 37. Kd4 {[%clk 0:09:03]} Re4+
{[%clk 0:01:24]} 38. Kxd5 {[%clk 0:09:28]} Rxg4 {[%clk 0:00:55]} 39. Rc4
{[%clk 0:06:06]} Rg5+ {[%clk 0:01:00]} 40. Ke6 {[%clk 0:36:09]} b5
{[%clk 0:30:44]} 41. axb5 {[%clk 0:35:05]} Rxb5 {[%clk 0:31:07]} 42. Rc2
{[%clk 0:35:13]} Rf5 {[%clk 0:25:12]} 43. f4 {[%clk 0:34:04]} h5 {[%clk 0:24:53]}
44. Rc4 {[%clk 0:32:39]} Rb5 {[%clk 0:23:35]} 1/2-1/2